Normal view MARC view
  • Administración pública

Entry Materia

Number of records used in: 1

001 - NÚMERO DE CONTROL DEL REGISTRO

  • campo de control: 50054

003 - IDENTIFICADOR DE NUMERO DE CONTROL

  • campo de control: MX-MxUPN

005 - FECHA Y HORA DE LA ÚLTIMA TRANSACCIÓN

  • campo de control: 20230922135527.0

008 - DATOS DE LONGITUD FIJA

  • campo de control de longitud fija: 230922nn annnnbabn n ana d

040 ## - FUENTE DE LA CATALOGACIÓN

  • Centro catalogador de origen: MX-MxUPN
  • Lengua de catalogación: spa

150 ## - ENCABEZAMIENTO - TEMÁTICO

  • Término de materia o nombre geográfico como elemento inicial: Administración pública
  • Subdivisión de materia general: Aspectos sociales

670 ## - FUENTE EN LA QUE SE LOCALIZARON DATOS

  • Cita de la fuente: Autoridades BGTQ, 22 septiembre 2023 :
  • Información localizada: (Administración publica) subdivisión general (Aspectos sociales)

902 ## - CATALOGADOR

  • Catalogador: VíctorGodínez/220923